[Event "Dortmund Sparkassen op-B 47th"]
[Site "Dortmund"]
[Date "2019.07.21"]
[Round "9"]
[White "Guethler, Alfred"]
[Black "Gritzan, Ulrich"]
[Result "1-0"]
[WhiteElo "1698"]
[BlackElo "1810"]
[PlyCount "77"]
[EventDate "2019.07.13"]
[EventType "swiss"]
[EventRounds "9"]
[EventCountry "GER"]
[SourceTitle "CBM 192 Extra"]
[Source "Chessbase"]
[SourceDate "2019.11.06"]
[SourceVersion "1"]
[SourceVersionDate "2019.11.06"]
[SourceQuality "1"]

1. e4 c5 2. Nf3 a6 3. d4 cxd4 4. Nxd4 e6 5. Bd3 Nf6 6. c3 Nc6 7. Nd2 Qc7 8. N2f3 Be7 9. 0-0 0-0 10. Re1 d6 11. Nxc6 bxc6 12. e5 Ng4 13. Bf4 f5 14. exd6 Bxd6 15. Bxd6 Qxd6 16. Bc4 Qe7 17. h3 Nf6 18. Nd4 Ne4 19. Qb3 Kh8 20. Qb6 Bd7 21. Qc7 Rae8 22. Rad1 Qc5 23. Bb3 Re7 24. f3 Rc8 25. Qb7 Nf6 26. Kf1 e5 27. Ne2 Nd5 28. Nc1 Rc7 29. Qxa6 Ne3+ 30. Rxe3 Qxe3 31. Rxd7 h6 32. Rd8+ Kh7 33. Ne2 e4 34. f4 Red7 35. Bg8+ Kh8 36. Qa8 g5 37. Be6+ Kg7 38. Bxd7 Ra7 39. Rg8+ 1-0

[Event "Dortmund Sparkassen op-B 47th"]
[Site "Dortmund"]
[Date "2019.07.20"]
[Round "8"]
[White "Lin, Ying Rui"]
[Black "Guethler, Alfred"]
[Result "1-0"]
[WhiteElo "1819"]
[BlackElo "1698"]
[PlyCount "48"]
[EventDate "2019.07.13"]
[EventType "swiss"]
[EventRounds "9"]
[EventCountry "GER"]
[SourceTitle "CBM 192 Extra"]
[Source "Chessbase"]
[SourceDate "2019.11.06"]
[SourceVersion "1"]
[SourceVersionDate "2019.11.06"]
[SourceQuality "1"]

1. e4 e5 2. Nf3 Nc6 3. Bb5 d6 4. d4 exd4 5. Nxd4 Bd7 6. Nxc6 bxc6 7. Bd3 Nf6 8. 0-0 Be7 9. Re1 Bg4 10. Qd2 Be6 11. c4 d5 12. cxd5 cxd5 13. e5 Nd7 14. Qc2 c5 15. f4 c4 16. Bf5 Qb6+ 17. Kh1 0-0-0 18. Bxe6 fxe6 19. b3 Kb8 20. bxc4 Rc8 21. Be3 d4 22. Bg1 Qb4 23. Nd2 Qc3 24. Rab1+ Ka8 1-0

[Event "NRW Class1 0405"]
[Site "Germany"]
[Date "2005.01.09"]
[Round "5.8"]
[White "Guethler, Alfred"]
[Black "Scherer, Klaus"]
[Result "0-1"]
[WhiteElo "1699"]
[BlackElo "2030"]
[PlyCount "116"]
[EventDate "2004.10.10"]
[EventType "team"]
[EventRounds "9"]
[EventCountry "GER"]
[SourceTitle "EXT 2006"]
[Source "ChessBase"]
[SourceDate "2005.11.24"]
[SourceVersion "1"]
[SourceVersionDate "2005.11.24"]
[SourceQuality "1"]
[WhiteTeam "Elberfeld"]
[BlackTeam "Betzdorf Kirchen"]
[WhiteTeamCountry "GER"]
[BlackTeamCountry "GER"]

1. e4 e5 2. Nf3 Nc6 3. Bb5 Nf6 4. Nc3 Bb4 5. d3 d6 6. Bg5 0-0 7. a3 Bxc3+ 8. bxc3 Qe7 9. 0-0 Nd8 10. Re1 Ne6 11. Bh4 Nf4 12. d4 Ng6 13. Bg3 Rd8 14. Bc4 Be6 15. Bb3 c5 16. Ng5 c4 17. d5 Bg4 18. f3 cxb3 19. fxg4 bxc2 20. Qxc2 Nxg4 21. Nh3 Rdc8 22. Qe2 Nf6 23. c4 Qc7 24. Rab1 b6 25. Rb4 Qd7 26. Nf2 h5 27. Nd1 h4 28. Bf2 Nf4 29. Qf3 Qg4 30. Nb2 Qxf3 31. gxf3 Nh3+ 32. Kg2 Nxf2 33. Kxf2 Nh5 34. Nd1 Nf4 35. Re3 Kf8 36. a4 Ke7 37. Reb3 Rc5 38. Ne3 g6 39. Ng2 Nxg2 40. Kxg2 Rac8 41. Rc3 Kf6 42. Kf2 Kg5 43. Ke3 f5 44. Rc1 fxe4 45. Kxe4 R5c7 46. Rg1+ Kf6 47. Kd3 g5 48. Rg4 Kg6 49. Rb1 Rf8 50. Ke3 Rcf7 51. Rf1 Rf4 52. h3 e4 53. Rfg1 Rxg4 54. hxg4 exf3 55. Kf2 Rf4 56. Re1 Rxg4 57. Re6+ Kf5 58. Rxd6 Rxc4 0-1